[Event "European School-ch 2019"]
[Site "Mamaia"]
[Date "2019.06.05"]
[Round "6.50"]
[White "Karaivanova, Petya"]
[Black "Kapicakova, Lucia"]
[Result "1-0"]
[WhiteElo "1688"]
[BlackElo "1776"]
[Annotator "NA RC"]
[PlyCount "164"]
[EventDate "2019.05.31"]
[EventType "swiss"]
[EventCountry "ROU"]
[SourceTitle "playchess.com"]
[Source "ChessBase"]
[SourceQuality "1"]
[TimeControl "40/5400+30:1800+30"]

1. e4 {[%emt 0:00:00]} c6 {[%emt 0:00:00]} 2. d4 {[%emt 0:00:00]} d5 {[%emt 0:00:00]} 3. exd5 {[%emt 0:00:00]} cxd5 {[%emt 0:00:00]} 4. Bd3 {[%emt 0:00:00]} Nc6 {[%emt 0:00:09]} 5. c3 {[%emt 0:00:00]} Nf6 {[%emt 0:00:17]} 6. h3 {[%emt 0:00:12]} g6 {[%emt 0:00:49]} 7. Nf3 {[%emt 0:00:39]} Bg7 {[%emt 0:00:33]} 8. O-O {[%emt 0:00:55]} Bf5 {[%emt 0:01:27]} 9. Be2 {[%emt 0:02:05]} O-O {[%emt 0:02:44]} 10. Bf4 {[%emt 0:01:53]} Qb6 {[%emt 0:06:04]} 11. Bc1 {[%emt 0:12:49]} Rac8 {[%emt 0:08:57]} 12. Nbd2 {[%emt 0:08:46]} a6 {[%emt 0:08:19]} 13. Re1 {[%emt 0:00:41]} Qc7 {[%emt 0:10:33]} 14. Nf1 {[%emt 0:04:55]} b5 {[%emt 0:05:25]} 15. Ng3 {[%emt 0:03:41]} Ne4 {[%emt 0:07:15]} 16. Nxe4 {[%emt 0:11:50]} Bxe4 {[%emt 0:00:56]} 17. Ng5 {[%emt 0:01:23]} h6 {[%emt 0:13:37]} 18. Nf3 {[%emt 0:04:59]} Bxf3 {[%emt 0:07:16]} 19. Bxf3 {[%emt 0:00:15]} e6 {[%emt 0:02:33]} 20. Be2 {[%emt 0:02:27]} Qb6 {[%emt 0:03:22]} 21. a3 {[%emt 0:02:32]} Na5 {[%emt 0:04:41]} 22. Bf4 {[%emt 0:04:09]} Nc4 {[%emt 0:02:56]} 23. Ra2 {[%emt 0:07:27]} Rc6 {[%emt 0:03:59]} 24. Bd3 {[%emt 0:03:56]} Rfc8 {[%emt 0:03:17]} 25. h4 {[%emt 0:04:20]} a5 {[%emt 0:03:24]} 26. g4 {[%emt 0:10:45]} Qd8 {[%emt 0:03:13]} 27. g5 {[%emt 0:02:02]} h5 {[%emt 0:00:38]} 28. Qf3 {[%emt 0:02:37]} Qb6 {[%emt 0:00:55]} 29. Rea1 {[%emt 0:01:00]} Qd8 {[%emt 0:00:36]} 30. Re1 {[%emt 0:02:11]} Qb6 {[%emt 0:00:23]} 31. Rea1 {[%emt 0:00:29]} Ra8 {[%emt 0:00:32]} 32. Qe2 {[%emt 0:00:59]} Rac8 {[%emt 0:00:37]} 33. Kg2 {[%emt 0:00:56]} Qb7 {[%emt 0:00:26]} 34. Bg3 {[%emt 0:00:55]} Rb6 {[%emt 0:00:31]} 35. f4 {[%emt 0:00:43]} Qc6 {[%emt 0:00:29]} 36. Bf2 {[%emt 0:04:01]} b4 {[%emt 0:00:28]} 37. axb4 {[%emt 0:00:44]} axb4 {[%emt 0:00:06]} 38. b3 {[%emt 0:00:31]} Nd6 {[%emt 0:00:37]} 39. cxb4 {[%emt 0:00:29]} Rxb4 {[%emt 0:00:32]} 40. Ra6 {[%emt 0:00:00]} Rb6 {[%emt 0:00:00]} 41. Rxb6 {[%emt 0:01:39]} Qxb6 {[%emt 0:01:03]} 42. Ra6 {[%emt 0:00:14]} Qb4 {[%emt 0:12:42]} 43. Bxg6 {[%emt 0:06:54]} Ne4 {[%emt 0:12:25]} 44. Bxe4 {[%emt 0:08:11]} dxe4 {[%emt 0:00:08]} 45. Qxe4 {[%emt 0:01:19]} Qxb3 {[%emt 0:01:16]} 46. g6 {[%emt 0:03:55]} fxg6 {[%emt 0:04:19]} 47. Rxe6 {[%emt 0:00:48]} Rf8 {[%emt 0:01:51]} 48. Rxg6 {[%emt 0:03:02]} Qf7 {[%emt 0:00:40]} 49. Rg5 {[%emt 0:08:47]} Qxf4 {[%emt 0:00:42]} 50. Qxf4 {[%emt 0:00:19]} Rxf4 {[%emt 0:00:04]} 51. Kg3 {[%emt 0:00:17]} Re4 {[%emt 0:00:44]} 52. Kf3 {[%emt 0:00:29]} Re7 {[%emt 0:00:43]} 53. Rxh5 {[%emt 0:01:04]} Kf7 {[%emt 0:00:33]} 54. Rc5 {[%emt 0:00:49]} Rd7 {[%emt 0:00:37]} 55. d5 {[%emt 0:00:39]} Be5 {[%emt 0:00:31]} 56. Bg3 {[%emt 0:00:37]} Bd4 {[%emt 0:00:25]} 57. Rb5 {[%emt 0:00:09]} Kg6 {[%emt 0:00:33]} 58. d6 {[%emt 0:00:40]} Bg7 {[%emt 0:00:33]} 59. Rc5 {[%emt 0:00:31]} Bf8 {[%emt 0:00:30]} 60. Rc7 {[%emt 0:00:38]} Rd8 {[%emt 0:00:23]} 61. d7 {[%emt 0:00:33]} Kf7 {[%emt 0:00:33]} 62. Bf4 {[%emt 0:00:31]} Ke6 {[%emt 0:00:30]} 63. Rc1 {[%emt 0:00:33]} Rxd7 {[%emt 0:00:17]} 64. Re1+ {[%emt 0:00:09]} Kf5 {[%emt 0:00:35]} 65. Re5+ {[%emt 0:00:08]} Kf6 {[%emt 0:00:24]} 66. Ke4 {[%emt 0:01:00]} Kg6 {[%emt 0:00:43]} 67. Rg5+ {[%emt 0:00:20]} Kf6 {[%emt 0:00:34]} 68. Be5+ {[%emt 0:00:09]} Ke6 {[%emt 0:00:30]} 69. Rg6+ {[%emt 0:00:10]} Ke7 {[%emt 0:00:28]} 70. h5 {[%emt 0:00:18]} Rd1 {[%emt 0:00:35]} 71. Kf4 {[%emt 0:01:20]} Rh1 {[%emt 0:00:30]} 72. Kg5 {[%emt 0:00:53]} Rg1+ {[%emt 0:00:17]} 73. Kf5 {[%emt 0:00:04]} Rh1 {[%emt 0:00:38]} 74. Kg5 {[%emt 0:00:56]} Rg1+ {[%emt 0:00:29]} 75. Kf5 {[%emt 0:00:05]} Rh1 {[%emt 0:00:22]} 76. Kg4 {[%emt 0:00:27]} Rg1+ {[%emt 0:00:41]} 77. Bg3 {[%emt 0:00:43]} Kf7 {[%emt 0:00:33]} 78. Ra6 {[%emt 0:00:08]} Bg7 {[%emt 0:00:28]} 79. Kf3 {[%emt 0:01:02]} Rh1 {[%emt 0:00:25]} 80. Ra5 {[%emt 0:00:14]} Rf1+ {[%emt 0:00:30]} 81. Kg2 {[%emt 0:00:15]} Rf6 {[%emt 0:00:26]} 82. Be5 {[%emt 0:00:34]} Re6 1-0

[Event "European School-ch 2019"]
[Site "Mamaia"]
[Date "2019.06.05"]
[Round "6.51"]
[White "Shuqja, Klean"]
[Black "Mamardashvili, Ana"]
[Result "1-0"]
[WhiteElo "1858"]
[BlackElo "1415"]
[Annotator "NA RC"]
[PlyCount "81"]
[EventDate "2019.05.31"]
[EventType "swiss"]
[EventCountry "ROU"]
[SourceTitle "playchess.com"]
[Source "ChessBase"]
[SourceQuality "1"]
[TimeControl "40/5400+30:1800+30"]

1. e4 {[%emt 0:00:00]} c5 {[%emt 0:00:00]} 2. Nf3 {[%emt 0:00:00]} d6 {[%emt 0:00:00]} 3. d4 {[%emt 0:00:00]} cxd4 {[%emt 0:00:00]} 4. Nxd4 {[%emt 0:00:00]} Nf6 {[%emt 0:00:00]} 5. Nc3 {[%emt 0:00:00]} g6 {[%emt 0:00:06]} 6. Bg5 {[%emt 0:00:00]} Bg7 {[%emt 0:00:13]} 7. Be2 {[%emt 0:00:05]} O-O {[%emt 0:00:59]} 8. O-O {[%emt 0:00:03]} Nc6 {[%emt 0:00:08]} 9. Nb3 {[%emt 0:00:02]} a5 {[%emt 0:00:29]} 10. a4 {[%emt 0:00:37]} Be6 {[%emt 0:00:13]} 11. Kh1 {[%emt 0:01:08]} Qc8 {[%emt 0:00:27]} 12. f4 {[%emt 0:09:50]} Rd8 {[%emt 0:01:57]} 13. Qd2 {[%emt 0:17:46]} d5 {[%emt 0:10:11]} 14. e5 {[%emt 0:04:37]} d4 {[%emt 0:07:58]} 15. exf6 {[%emt 0:07:40]} dxc3 $11 {[%emt 0:00:15]} (15... exf6 $17 16. Ne4 fxg5 17. fxg5 Bxb3 18. cxb3 Qe6) 16. Qxc3 {[%emt 0:01:17]} Bh8 {[%emt 0:08:55]} 17. Bb5 {[%emt 0:11:00]} Rd6 {[%emt 0:09:44]} 18. Rad1 {[%emt 0:08:31]} Qc7 {[%emt 0:13:33]} 19. Nc5 {[%emt 0:07:58]} Rxd1 {[%emt 0:20:46]} 20. Rxd1 {[%emt 0:00:07]} Rd8 {[%emt 0:01:17]} 21. Re1 {[%emt 0:02:01]} Bxf6 {[%emt 0:13:54]} 22. Bxf6 {[%emt 0:00:24]} exf6 {[%emt 0:00:05]} 23. Nxe6 {[%emt 0:04:30]} fxe6 {[%emt 0:00:05]} 24. Qxf6 {[%emt 0:00:17]} Qd6 {[%emt 0:03:05]} 25. Bc4 {[%emt 0:03:34]} Nd4 {[%emt 0:06:18]} 26. Rxe6 {[%emt 0:02:12]} Nxe6 {[%emt 0:01:08]} 27. Bxe6+ {[%emt 0:00:04]} Qxe6 {[%emt 0:00:08]} 28. Qxe6+ {[%emt 0:00:02]} Kf8 {[%emt 0:00:09]} 29. h3 {[%emt 0:00:13]} Rd1+ {[%emt 0:00:16]} 30. Kh2 Rd2 {[%emt 0:00:12]} 31. Qc8+ {[%emt 0:00:12]} Kf7 {[%emt 0:00:05]} 32. Qxb7+ {[%emt 0:00:04]} Ke6 {[%emt 0:00:07]} 33. c4 {[%emt 0:00:15]} Kf5 {[%emt 0:00:22]} 34. c5 {[%emt 0:00:19]} Kxf4 {[%emt 0:00:08]} 35. c6 {[%emt 0:00:04]} g5 {[%emt 0:00:20]} 36. c7 {[%emt 0:00:09]} g4 {[%emt 0:00:17]} 37. hxg4 {[%emt 0:00:07]} h5 {[%emt 0:01:02]} 38. gxh5 {[%emt 0:00:17]} Kg5 {[%emt 0:00:47]} 39. c8=Q {[%emt 0:00:14]} Kxh5 {[%emt 0:00:17]} 40. Qg7 {[%emt 0:00:00]} Rd8 {[%emt 0:00:00]} 41. Qh3# {[%emt 0:00:50]} 1-0

[Event "European School-ch 2019"]
[Site "Mamaia"]
[Date "2019.06.05"]
[Round "6.52"]
[White "Putinceva, Marina"]
[Black "Puia, Alexia-Teodora"]
[Result "0-1"]
[WhiteElo "1471"]
[BlackElo "1543"]
[Annotator "NA RC"]
[PlyCount "78"]
[EventDate "2019.05.31"]
[EventType "swiss"]
[EventCountry "ROU"]
[SourceTitle "playchess.com"]
[Source "ChessBase"]
[SourceQuality "1"]
[TimeControl "40/5400+30:1800+30"]

1. e4 {[%emt 0:00:00]} c5 {[%emt 0:00:00]} 2. Nf3 {[%emt 0:00:00]} e6 {[%emt 0:00:00]} 3. d4 {[%emt 0:00:00]} cxd4 {[%emt 0:00:00]} 4. Nxd4 {[%emt 0:00:00]} Nc6 {[%emt 0:00:00]} 5. Nxc6 {[%emt 0:01:27]} bxc6 {[%emt 0:00:06]} 6. Bd3 {[%emt 0:00:40]} Qc7 {[%emt 0:00:34]} 7. O-O {[%emt 0:02:19]} Nf6 {[%emt 0:00:54]} 8. Nd2 {[%emt 0:05:27]} Bb7 {[%emt 0:08:09]} 9. Qe2 {[%emt 0:06:44]} Bd6 {[%emt 0:12:17]} 10. h3 {[%emt 0:02:44]} e5 {[%emt 0:04:53]} 11. Nc4 {[%emt 0:04:48]} Bc5 {[%emt 0:02:35]} 12. Kh1 {[%emt 0:05:00]} h5 {[%emt 0:08:56]} 13. Be3 {[%emt 0:05:29]} Bxe3 {[%emt 0:02:06]} 14. Qxe3 {[%emt 0:00:58]} O-O {[%emt 0:15:05]} 15. Qg5 {[%emt 0:03:21]} d6 {[%emt 0:13:17]} 16. f4 {[%emt 0:09:31]} Nxe4 {[%emt 0:11:10]} 17. Bxe4 {[%emt 0:03:13]} d5 {[%emt 0:00:08]} 18. Bh7+ {[%emt 0:07:22]} Kxh7 {[%emt 0:00:16]} 19. Qxh5+ {[%emt 0:00:15]} Kg8 {[%emt 0:00:07]} 20. Nxe5 {[%emt 0:00:18]} Rae8 {[%emt 0:04:11]} 21. Rae1 {[%emt 0:07:44]} Re6 {[%emt 0:03:03]} 22. Nd3 {[%emt 0:12:44]} Ba6 {[%emt 0:05:31]} 23. f5 {[%emt 0:08:24]} Rxe1 {[%emt 0:00:58]} 24. Rxe1 {[%emt 0:00:05]} Bxd3 {[%emt 0:00:42]} 25. cxd3 {[%emt 0:00:21]} Qa5 {[%emt 0:00:50]} 26. Rf1 {[%emt 0:07:41]} Re8 {[%emt 0:02:47]} 27. Rf4 {[%emt 0:05:39]} Qe1+ {[%emt 0:01:43]} 28. Kh2 {[%emt 0:00:01]} Qe5 {[%emt 0:00:11]} 29. Qg4 {[%emt 0:00:39]} Qxb2 {[%emt 0:01:36]} 30. f6 {[%emt 0:00:42]} g6 {[%emt 0:00:56]} 31. Qg5 {[%emt 0:01:06]} Re6 {[%emt 0:01:39]} 32. d4 {[%emt 0:00:24]} Qa3 {[%emt 0:00:15]} 33. Qh6 {[%emt 0:00:49]} Qf8 {[%emt 0:00:09]} 34. Qg5 {[%emt 0:00:33]} Qd6 {[%emt 0:00:12]} 35. h4 {[%emt 0:00:31]} Re4 {[%emt 0:00:35]} 36. Kg3 Rxd4 {[%emt 0:01:08]} 37. Kg4 {[%emt 0:00:59]} Rxf4+ {[%emt 0:00:24]} 38. Qxf4 {[%emt 0:00:05]} Qxf4+ {[%emt 0:00:11]} 39. Kxf4 {[%emt 0:00:00]} d4 {[%emt 0:00:00]} 0-1

[Event "European School-ch 2019"]
[Site "Mamaia"]
[Date "2019.06.05"]
[Round "6.53"]
[White "Zyapaeva, Polina"]
[Black "Vorobyova, Ekaterina"]
[Result "1/2-1/2"]
[WhiteElo "1806"]
[BlackElo "1795"]
[Annotator "NA RC"]
[PlyCount "96"]
[EventDate "2019.05.31"]
[EventType "swiss"]
[EventCountry "ROU"]
[SourceTitle "playchess.com"]
[Source "ChessBase"]
[SourceQuality "1"]
[TimeControl "40/5400+30:1800+30"]

1. c4 {[%emt 0:00:00]} e5 {[%emt 0:00:00]} 2. Nc3 {[%emt 0:00:00]} Nf6 {[%emt 0:00:00]} 3. e4 {[%emt 0:01:41]} Bb4 {[%emt 0:00:16]} 4. Qc2 {[%emt 0:15:23]} O-O {[%emt 0:01:09]} 5. Nf3 {[%emt 0:02:25]} Re8 {[%emt 0:01:07]} 6. Be2 {[%emt 0:04:40]} c6 {[%emt 0:03:02]} 7. a3 {[%emt 0:02:34]} Bxc3 {[%emt 0:05:52]} 8. dxc3 {[%emt 0:00:50]} d6 {[%emt 0:01:41]} 9. Bg5 {[%emt 0:02:15]} Nbd7 {[%emt 0:03:00]} 10. b4 {[%emt 0:01:38]} Nf8 {[%emt 0:06:04]} 11. Rd1 {[%emt 0:04:08]} Qe7 {[%emt 0:02:00]} 12. O-O {[%emt 0:05:12]} Bg4 {[%emt 0:02:24]} 13. Nh4 {[%emt 0:05:28]} Be6 {[%emt 0:03:02]} 14. g3 {[%emt 0:08:53]} Rad8 {[%emt 0:02:02]} 15. Rd2 {[%emt 0:02:27]} Rd7 {[%emt 0:04:45]} 16. Rfd1 {[%emt 0:01:17]} Red8 {[%emt 0:00:28]} 17. Nf3 {[%emt 0:07:06]} Ng6 {[%emt 0:05:41]} 18. a4 {[%emt 0:04:05]} h6 {[%emt 0:05:19]} 19. Bh4 {[%emt 0:05:30]} Bg4 {[%emt 0:04:07]} 20. Bxf6 {[%emt 0:03:21]} Qxf6 {[%emt 0:00:20]} 21. Kg2 {[%emt 0:01:36]} Qe6 {[%emt 0:02:00]} 22. h4 {[%emt 0:01:42]} Rf8 {[%emt 0:02:03]} 23. Ng1 {[%emt 0:04:58]} Bxe2 {[%emt 0:10:35]} 24. Nxe2 {[%emt 0:00:06]} Ne7 {[%emt 0:00:42]} 25. Qd3 {[%emt 0:06:19]} f5 {[%emt 0:01:41]} 26. f3 {[%emt 0:01:03]} Qg6 {[%emt 0:10:16]} 27. Qe3 {[%emt 0:03:18]} f4 {[%emt 0:05:40]} 28. Qf2 {[%emt 0:00:06]} Qe6 {[%emt 0:00:35]} 29. g4 {[%emt 0:01:47]} Rfd8 {[%emt 0:00:28]} 30. c5 {[%emt 0:03:43]} d5 {[%emt 0:00:25]} 31. exd5 {[%emt 0:00:35]} cxd5 {[%emt 0:04:01]} 32. h5 {[%emt 0:00:40]} Rf8 {[%emt 0:00:46]} 33. Kh3 {[%emt 0:00:37]} Kh8 {[%emt 0:02:18]} 34. Re1 {[%emt 0:00:26]} Ng8 {[%emt 0:01:03]} 35. Nd4 {[%emt 0:00:23]} Qf6 {[%emt 0:03:10]} 36. Nf5 {[%emt 0:00:15]} Ne7 {[%emt 0:02:53]} 37. Nd6 {[%emt 0:00:32]} e4 {[%emt 0:05:01]} 38. fxe4 {[%emt 0:00:40]} Qxc3+ {[%emt 0:00:05]} 39. Kh2 {[%emt 0:00:04]} Qxb4 {[%emt 0:02:13]} (39... Nc6 $5 {[%cal Rc6e5]} 40. exd5 Ne5 41. Rxe5 Qxe5 $15) 40. exd5 {[%emt 0:00:00]} f3 {[%emt 0:00:00]} 41. Re4 {[%emt 0:03:11]} Qb3 {[%emt 0:05:03]} 42. Red4 {[%emt 0:04:35]} Qa3 {[%emt 0:05:31]} 43. Ne4 {[%emt 0:03:44]} Qa1 {[%emt 0:02:51] [#]} (43... Qc1 $14) 44. Rd1 $1 {[%emt 0:01:32]} Qa3 {[%emt 0:00:55]} 45. R1d3 {[%emt 0:00:57]} Qa1 {[%emt 0:00:27]} 46. Nc3 {[%emt 0:01:36]} Ng8 {[%emt 0:03:12]} (46... Qa3 $14) 47. Rxf3 {[%emt 0:03:23]} Nf6 $18 {[%emt 0:00:11]} (47... Rxf3 $16 48. Qxf3 Qa3) 48. Kg2 {[%emt 0:03:00]} Rdf7 {[%emt 0:01:08]} 1/2-1/2

[Event "European School-ch 2019"]
[Site "Mamaia"]
[Date "2019.06.05"]
[Round "6.54"]
[White "Obada, Ema"]
[Black "Donghvani, Nia"]
[Result "1-0"]
[WhiteElo "1889"]
[BlackElo "1840"]
[Annotator "NA RC"]
[PlyCount "67"]
[EventDate "2019.05.31"]
[EventType "swiss"]
[EventCountry "ROU"]
[SourceTitle "playchess.com"]
[Source "ChessBase"]
[SourceQuality "1"]
[TimeControl "40/5400+30:1800+30"]

1. e4 {[%emt 0:00:00]} c5 {[%emt 0:00:00]} 2. Nf3 {[%emt 0:00:00]} d6 {[%emt 0:00:00]} 3. Bb5+ {[%emt 0:00:00]} Bd7 {[%emt 0:00:15]} 4. c4 {[%emt 0:00:00]} Nc6 {[%emt 0:01:02]} 5. d4 {[%emt 0:00:35]} cxd4 6. Nxd4 {[%emt 0:00:06]} g6 {[%emt 0:08:42]} 7. Nc3 {[%emt 0:02:24]} Bg7 {[%emt 0:00:34]} 8. Be3 {[%emt 0:00:49]} Nf6 {[%emt 0:03:56]} 9. f3 {[%emt 0:03:05]} Ne5 {[%emt 0:06:21]} 10. O-O {[%emt 0:17:55]} O-O {[%emt 0:08:26]} 11. Qe2 {[%emt 0:05:21]} Bxb5 {[%emt 0:10:09]} 12. cxb5 {[%emt 0:01:59]} Rc8 {[%emt 0:07:38]} 13. Nb3 {[%emt 0:10:45]} b6 {[%emt 0:01:05]} 14. a4 {[%emt 0:02:53]} e6 {[%emt 0:03:59]} 15. Rfd1 {[%emt 0:11:05]} Nc4 {[%emt 0:01:34]} 16. Bd4 {[%emt 0:00:20]} Qc7 {[%emt 0:02:50]} 17. Na2 {[%emt 0:04:58]} d5 {[%emt 0:03:39]} 18. Rac1 {[%emt 0:05:18]} e5 {[%emt 0:25:37]} 19. Bf2 {[%emt 0:00:15]} Bh6 {[%emt 0:00:20]} 20. Rc2 {[%emt 0:00:52]} Rfd8 {[%emt 0:05:21]} 21. Nb4 {[%emt 0:01:41]} dxe4 {[%emt 0:00:56]} 22. Rxd8+ {[%emt 0:01:19]} Qxd8 {[%emt 0:00:04]} 23. Nc6 {[%emt 0:01:38]} Ne3 {[%emt 0:03:15]} 24. Rd2 {[%emt 0:07:55]} Qxd2 {[%emt 0:03:15]} 25. Nxd2 {[%emt 0:00:49]} exf3 {[%emt 0:00:02]} 26. Nxf3 {[%emt 0:01:51]} Nfd5 {[%emt 0:00:28]} 27. Bxe3 {[%emt 0:01:19]} Bxe3+ {[%emt 0:00:05]} 28. Qxe3 {[%emt 0:00:09]} Nxe3 {[%emt 0:00:24]} 29. Ne7+ {[%emt 0:00:03]} Kg7 {[%emt 0:00:06]} 30. Nxc8 {[%emt 0:00:03]} e4 {[%emt 0:00:14]} 31. Nd2 {[%emt 0:00:16]} f5 {[%emt 0:00:11]} 32. Nxa7 {[%emt 0:00:07]} Nd1 {[%emt 0:00:08]} 33. a5 {[%emt 0:01:35]} e3 {[%emt 0:00:12]} 34. Nf3 {[%emt 0:00:05]} 1-0

[Event "European School-ch 2019"]
[Site "Mamaia"]
[Date "2019.06.05"]
[Round "6.55"]
[White "Ruzic, Pia Marie"]
[Black "Babayeva, Nasrin"]
[Result "0-1"]
[WhiteElo "1917"]
[BlackElo "1451"]
[Annotator "NA RC"]
[PlyCount "80"]
[EventDate "2019.05.31"]
[EventType "swiss"]
[EventCountry "ROU"]
[SourceTitle "playchess.com"]
[Source "ChessBase"]
[SourceQuality "1"]
[TimeControl "40/5400+30:1800+30"]

1. Nf3 {[%emt 0:00:00]} Nc6 {[%emt 0:00:00]} 2. c4 {[%emt 0:00:00]} e5 {[%emt 0:00:00]} 3. Nc3 {[%emt 0:00:06]} f5 {[%emt 0:00:04]} 4. d4 {[%emt 0:01:06]} e4 {[%emt 0:00:15]} 5. Ng5 {[%emt 0:00:04]} h6 {[%emt 0:00:55]} (5... Nf6 6. h4 Bb4 7. e3 d6 8. Bd2 O-O 9. g3 Bd7 10. Qb3 Bxc3 11. Bxc3 b6 12. O-O-O a5 13. Be2 a4 14. Qc2 {0-1 (65) Inarkiev,E (2693)-Leitao,R (2632) Tromsoe 2013}) 6. Nh3 {[%emt 0:00:05] A27: English Opening: Three Knights Variation} Nf6 {[%emt 0:00:31]} 7. Nf4 {[%emt 0:01:08]} Bb4 $146 {[%emt 0:03:39]} ({Predecessor:} 7... Ne7 8. Qa4 c6 9. d5 Qb6 10. d6 Ng4 11. c5 Qxc5 12. dxe7 Qxf2+ 13. Kd1 Bxe7 {1-0 (24) Idalgo,R (1854)-Maba,M (1500) Florianopolis 2017}) 8. Ng6 {[%emt 0:00:45]} Rg8 {[%emt 0:00:35]} 9. e3 {[%emt 0:07:26]} Ne7 {[%emt 0:13:36]} 10. Nxe7 {[%emt 0:01:54]} Bxe7 {[%emt 0:04:26]} 11. Qb3 {[%emt 0:07:19]} c6 {[%emt 0:07:09]} 12. Bd2 {[%emt 0:03:36]} Qb6 {[%emt 0:01:46]} 13. Qc2 {[%emt 0:16:30]} d6 {[%emt 0:03:19]} 14. c5 {[%emt 0:02:32]} Qc7 {[%emt 0:04:26]} 15. cxd6 {[%emt 0:00:24]} Qxd6 {[%emt 0:02:06]} 16. b4 {[%emt 0:05:37]} Be6 {[%emt 0:01:34]} 17. a3 {[%emt 0:04:19]} Kf7 {[%emt 0:01:49]} 18. Be2 {[%emt 0:01:11]} Rgc8 {[%emt 0:07:30]} 19. f3 $15 {[%emt 0:01:10]} Bd5 {[%emt 0:04:25]} 20. O-O {[%emt 0:00:39]} Kg8 {[%emt 0:04:26]} 21. Be1 {[%emt 0:03:59]} Qe6 {[%emt 0:00:47]} 22. Qd2 {[%emt 0:05:27]} Bd6 {[%emt 0:02:55]} 23. fxe4 {[%emt 0:06:54]} Nxe4 {[%emt 0:02:48]} 24. Nxe4 {[%emt 0:00:14]} Bxe4 {[%emt 0:00:36]} 25. Bf3 {[%emt 0:01:26]} Rf8 {[%emt 0:03:38]} 26. g3 {[%emt 0:08:28]} Qd5 {[%emt 0:01:35]} 27. Qg2 {[%emt 0:00:47]} Rae8 {[%emt 0:05:36]} 28. Bxe4 {[%emt 0:00:30]} Rxe4 {[%emt 0:01:05]} 29. Bd2 {[%emt 0:00:28]} Be7 {[%emt 0:01:00]} 30. Rac1 {[%emt 0:04:45]} Bg5 {[%emt 0:03:16]} 31. Rc3 {[%emt 0:02:47]} Qe6 {[%emt 0:01:26]} 32. Qf3 {[%emt 0:00:38]} g6 {[%emt 0:04:05]} 33. h4 {[%emt 0:00:28]} Bd8 {[%emt 0:04:24]} 34. Rc5 {[%emt 0:04:13]} Bc7 {[%emt 0:02:01]} 35. d5 {[%emt 0:00:19]} Qd6 {[%emt 0:00:17]} 36. dxc6 {[%emt 0:01:48]} Qxd2 {[%emt 0:00:13]} 37. Rd1 {[%emt 0:00:13]} Qxe3+ {[%emt 0:00:30]} 38. Qxe3 {[%emt 0:00:02]} Rxe3 {[%emt 0:00:10]} 39. cxb7 {[%emt 0:00:23]} Bb6 {[%emt 0:02:23]} 40. Rd7 {[%emt 0:00:00]} Re5 {[%emt 0:00:00]} 0-1

[Event "European School-ch 2019"]
[Site "Mamaia"]
[Date "2019.06.06"]
[Round "7.1"]
[White "Schitco, Ivan"]
[Black "Ozdemir, Serhan Berat"]
[Result "1-0"]
[WhiteElo "2458"]
[BlackElo "1950"]
[Annotator "TA"]
[PlyCount "121"]
[EventDate "2019.05.31"]
[EventType "swiss"]
[EventCountry "ROU"]
[SourceTitle "playchess.com"]
[Source "ChessBase"]
[SourceQuality "1"]

{[%evp 19,121,12,12,13,14,6,18,4,18,19,16,17,17,18,21,11,17,0,16,12,21,19,23,18,39,0,0,0,0,-49,-42,-12,14,0,48,50,50,50,50,50,50,50,50,50,50,50,95,95,113,50,213,196,255,214,275,272,332,317,428,399,426,408,526,518,503,496,1000,991,970,662,670,658,482,394,1081,719,992,994,622,560,1068,1185,1798,1358,4145,4145,4462,4462,4141,4141,4141,4141,4141,4141,29986,29987,29987,29988,29988,29989,29989,29989,29991,29991]} 1. d4 Nf6 2. c4 g6 3. Nc3 Bg7 4. e4 d6 5. Nge2 O-O 6. Ng3 c5 7. d5 e6 8. Be2 exd5 9. exd5 Nbd7 10. O-O Ne8 11. Be3 {E70: King's Indian: Miscellaneous lines with 4 e4, including 5 Nge2 and 5 Bd3 0-0 6 Nge2} f5 {[#] aiming for ...f4.} 12. Qd2 Ne5 13. Bg5 {The position is equal.} Bf6 14. Bxf6 Qxf6 15. f4 Nf7 16. Bd3 $146 ({Predecessor:} 16. a3 Bd7 17. b4 Nc7 18. Rfd1 Rfe8 19. bxc5 dxc5 {1-0 (69) Pulvett Marin,D (2438)-Moral Garcia,S (2299) Roquetas de Mar 2018}) 16... Bd7 17. Nge2 Nc7 18. a3 a5 19. Rab1 Rfe8 20. g3 Re7 21. Kg2 Rae8 22. b4 axb4 23. axb4 Na6 24. b5 Nb4 25. Rbe1 Re3 26. Bb1 Qe7 27. Kf2 Kf8 28. Ng1 $36 {[%mdl 2048] White has good play.} Rxe1 29. Rxe1 Qxe1+ 30. Qxe1 Rxe1 31. Kxe1 Ke7 32. Nf3 h6 33. Kf2 Kf6 34. Ne1 (34. Nh4 $16) 34... g5 $2 {[#]} (34... h5 $1 $14) 35. Na4 $1 $18 gxf4 (35... Nh8 $142 36. Nb6 Be8) 36. gxf4 Be8 37. Nb6 h5 38. h3 Nh8 39. Ng2 Ng6 40. Nc8 Bxb5 41. cxb5 Nxd5 42. Nxd6 Ngxf4 (42... c4 $142 43. Kf3 Nge7) 43. Nxf4 Nxf4 44. h4 b6 45. Nxf5 Ke5 46. Ng3 c4 $2 (46... Kd4 47. Kf3 Ke5) 47. Ne2 Ne6 48. Ke3 Nc7 49. Nc3 Ne6 50. Be4 Kd6 51. Na4 Ng7 52. Kd4 Ne6+ 53. Kxc4 Ke5 54. Bf3 Nd4 55. Bxh5 Nf5 56. Nxb6 Nxh4 57. Kc5 {White mates.} Nf5 58. Nc4+ Kf6 59. b6 Ng7 60. Bg4 Ne8 61. Nd6 {Accuracy: White = 85%, Black = 33%.} 1-0

[Event "European School-ch 2019"]
[Site "Mamaia"]
[Date "2019.06.06"]
[Round "7.2"]
[White "Stoleriu, George"]
[Black "Gayun, Dmytro"]
[Result "1/2-1/2"]
[WhiteElo "2372"]
[BlackElo "2271"]
[Annotator "TA"]
[PlyCount "34"]
[EventDate "2019.05.31"]
[EventType "swiss"]
[EventCountry "ROU"]
[SourceTitle "playchess.com"]
[Source "ChessBase"]
[SourceQuality "1"]

{[%evp 9,34,16,9,20,18,8,14,14,7,0,0,0,50,43,41,43,76,37,52,33,32,24,45,45,43,41,50]} 1. e4 c6 2. Nf3 d5 3. exd5 cxd5 4. Ne5 Nf6 (4... Nc6 5. Bb5 Bd7 6. Nxd7 Qxd7 7. d4 a6 8. Be2 e6 9. c3 Nf6 10. Nd2 Bd6 11. Nf3 O-O {0-1 (51) Duda,J (2737)-So,W (2780) chess.com INT 2018}) 5. d4 g6 6. c3 {B10: Caro-Kann: 2 d3 and 2 c4} Bg7 7. Bd3 O-O 8. O-O {The position is equal.} Nc6 9. Nxc6 bxc6 10. Nd2 {[%cal Bb1d2,Bd2b3,Bb3c5][%mdl 32]} Bf5 $146 ({Predecessor:} 10... Nd7 11. Nb3 Qc7 {½-½ (19) Delgado Ramirez,N (2619)-Ricardi,P (2517) Buenos Aires 2010}) 11. Bxf5 gxf5 12. Nb3 e6 13. Bg5 Qd6 14. Bxf6 Bxf6 15. Qh5 Qf4 16. Nc5 {Strongly threatening Nd7.} Rfd8 17. Rae1 Qg5 {Accuracy: White = 42%, Black = 37%.} 1/2-1/2